00594nam a2200193 a 450000100060000000300080000600500170001400800410003103500190007204000270009104100080011808200250012624500720015126000300022330000340025350400380028765000300032570000450035570108BD-RjUL20211209081950.0170416s1968 enka b 001 0 eng d a(BD-RjUL)70320 aDLCcDLCdBD-RjULbeng aeng00a547.05223bPRI 196800aPrinciples of organometallic chemistrycG. E. Coates ... [et. all]. aLondon :bMethuen,c1968. axii, 259 p. :bill. ;c23 cm. aIncludes bibliographies and index 0aOrganometallic chemistry.1 aCoates, G. E.q(Geoffrey Edward),d1917-